000 00600nam a2200193Ia 4500
005 20260120124624.0
008 008 260114s9999 xx 000 0 eng d
020 _a9780444519603
037 _aEBOOK
040 _aCRL
_beng
_cCRL
041 _aeng
_2eng
084 _qCRL
245 0 _aMilitary Missions and their Implications Reconsidered: The Aftermath of September th
260 _bEmerald Publishing
_c2005
700 _aGerhard Kuemmel
_9908502
856 _uhttps://www.emerald.com/insight/publication/doi/10.1016/S1572-8323(2005)2
942 _cEBOOK
999 _c1500397
_d1500397